Crunch time / (Record no. 6468)
[ view plain ]
| 000 -LEADER | |
|---|---|
| fixed length control field | 01158nam a22003137a 4500 |
| 001 - CONTROL NUMBER | |
| control field | 6468 |
| 003 - CONTROL NUMBER IDENTIFIER | |
| control field | FISKH |
| 005 - DATE AND TIME OF LATEST TRANSACTION | |
| control field | 20250506095809.0 |
| 008 - FIXED-LENGTH DATA ELEMENTS--GENERAL INFORMATION | |
| fixed length control field | 250506b cb ||||| |||| 00| 0 eng d |
| 020 ## - INTERNATIONAL STANDARD BOOK NUMBER | |
| International Standard Book Number | 9781423106142 |
| 040 ## - CATALOGING SOURCE | |
| Original cataloging agency | DLC |
| Transcribing agency | DLC |
| Modifying agency | DLC |
| Language of cataloging | eng |
| 050 ## - LIBRARY OF CONGRESS CALL NUMBER | |
| Classification number | PZ7.G75149 C |
| 082 ## - DEWEY DECIMAL CLASSIFICATION NUMBER | |
| Classification number | 636.752 |
| 100 1# - MAIN ENTRY--PERSONAL NAME | |
| Personal name | Grace, N. B. |
| 245 10 - TITLE STATEMENT | |
| Title | Crunch time / |
| Statement of responsibility, etc. | by N.B. Grace. |
| 250 ## - EDITION STATEMENT | |
| Edition statement | This edition first published in 2007 |
| 260 ## - PUBLICATION, DISTRIBUTION, ETC. | |
| Place of publication, distribution, etc. | New York : |
| Name of publisher, distributor, etc. | Disney Press, |
| Date of publication, distribution, etc. | 2007. |
| 300 ## - PHYSICAL DESCRIPTION | |
| Extent | 126 pages : |
| Dimensions | 20 cm. |
| 490 0# - SERIES STATEMENT | |
| Series statement | Disney's high school musical: stories from East High ; |
| Volume/sequential designation | #4 |
| 505 ## - FORMATTED CONTENTS NOTE | |
| Formatted contents note | L<br/> |
| 520 ## - SUMMARY, ETC. | |
| Summary, etc. | The students of East High are preparing for the SATs, and Gabriella has the unfortunate honor of tutoring Sharpay, who shines much more brightly on stage than she does on her practice tests. Luckily, everyone has the school's upcoming Halloween party to take their minds off the SAT crunch.<br/> |
| 521 8# - TARGET AUDIENCE NOTE | |
| Target audience note | 510<br/> |
| Source | Lexile<br/> |
| 521 8# - TARGET AUDIENCE NOTE | |
| Target audience note | L<br/> |
| Source | Raz-Plus<br/> |
| 650 ## - SUBJECT ADDED ENTRY--TOPICAL TERM | |
| Source of heading or term | Juvenile |
| Topical term or geographic name entry element | Children's |
| 650 ## - SUBJECT ADDED ENTRY--TOPICAL TERM | |
| Source of heading or term | Disney |
| Topical term or geographic name entry element | High School Musical |
| 906 ## - LOCAL DATA ELEMENT F, LDF (RLIN) | |
| a | 7 |
| b | cbc |
| c | orignew |
| d | 2 |
| e | epcn |
| f | 20 |
| g | y-gencatlg |
| 942 ## - ADDED ENTRY ELEMENTS (KOHA) | |
| Source of classification or shelving scheme | Dewey Decimal Classification |
| Koha item type | Books |
| Suppress in OPAC | No |
| Withdrawn status | Lost status | Source of classification or shelving scheme | Damaged status | Not for loan | Collection | Home library | Current library | Shelving location | Date acquired | Total Checkouts | Full call number | Barcode | Date last seen | Copy number | Price effective from | Koha item type |
|---|---|---|---|---|---|---|---|---|---|---|---|---|---|---|---|---|
| Dewey Decimal Classification | Juvenile Fiction | Footprints International School Library Network Toul Tom Poung Campus | Footprints International School Library Network Toul Tom Poung Campus | TTP Primary Yellow Bookshelves | 05/06/2025 | GRA 636.752 PZ7.G75149 C | 2025-1150 | 05/06/2025 | 1 | 05/06/2025 | Books |
